बन्धन / (Record no. 13976)

MARC details
000 -LEADER
fixed length control field 00859nam a22002057a 4500
005 - DATE AND TIME OF LATEST TRANSACTION
control field 20180908142040.0
008 - FIXED-LENGTH DATA ELEMENTS--GENERAL INFORMATION
fixed length control field 080625t xxu||||| |||| 00| 0 hin d
010 ## - LCCN (DPL NO)
LC control number HIN-46116
020 ## - INTERNATIONAL STANDARD BOOK NUMBER
Terms of availability 150.00
035 ## - SYSTEM CONTROL NUMBER
System control number HN-27381, A-986251
037 ## - SOURCE OF ACQUISITION
Source of stock number/acquisition DBAD
040 ## - CATALOGING SOURCE
Original cataloging agency dpl
Language of cataloging HN
082 ## - DEWEY DECIMAL CLASSIFICATION NUMBER
Classification number उ / बंद्योपा
100 ## - MAIN ENTRY--PERSONAL NAME
Personal name बंद्योपाध्याय, विभूतिभूषण
245 ## - TITLE STATEMENT
Title बन्धन /
Statement of responsibility, etc विभूतिभूषण बंद्योपाध्याय, प्रियदर्शी प्रकाश द्वारा अनुदित
260 ## - PUBLICATION, DISTRIBUTION, ETC. (IMPRINT)
Place of publication, distribution, etc दिल्ली
Name of publisher, distributor, etc साहित्य प्रचारक
Date of publication, distribution, etc 1999
300 ## - PHYSICAL DESCRIPTION
Extent 156पृ
Dimensions 23सेमी.
700 ## - ADDED ENTRY--PERSONAL NAME
Personal name प्रियदर्शी प्रकाश
942 ## - ADDED ENTRY ELEMENTS (KOHA)
Item type Hindi Books
Source of classification or shelving scheme Dewey Decimal Classification
Classification part
Call number suffix बंद्योपा
Holdings
Withdrawn status Lost status Source of classification or shelving scheme Damaged status Not for loan Collection code Home library Current library Date acquired Cost, normal purchase price Total Checkouts Full call number Barcode Date last seen Copy number Cost, replacement price Koha item type Source of acquisition
    Dewey Decimal Classification   Not For Loan Non-fiction D.B.Act.Division D.B.Act.Division 25/06/2008 150.00   उ / बंद्योपा HN-27381 15/09/2008 1 150.00 Hindi Books  
    Dewey Decimal Classification     Fiction Shahdara Branch Shahdara Branch 08/09/2018 150.00 1 उ बंद्योपा A-986251 11/11/2018   150.00 Hindi Books BPPD/PUB

© Delhi Public Library
Hit Counter
free hit counter